|
|
|
|
| LEADER |
00000nab a2200000 a 4500 |
| 001 |
vtls009142636 |
| 003 |
SK-MaSNL |
| 005 |
20260304151333.0 |
| 008 |
250506c2007 xo mr|p|||||||000 b|slo |
| 015 |
|
|
|a SNBRB2007/09
|
| 035 |
|
|
|a (uuid)5ec0be95-6aa7-4e20-926c-2540ec6202a2
|
| 035 |
|
|
|a urn:nbn:sk:snk-abd5ib
|
| 035 |
|
|
|a (urnnbn)urn:nbn:sk:snk:ar-002uuu
|
| 038 |
|
|
|a SNKBUCL
|
| 040 |
|
|
|a SNKBUCL
|b slo
|c SNKBUCL
|e AACR2
|
| 041 |
0 |
|
|a slo
|
| 044 |
|
|
|a xo
|c SK
|
| 080 |
|
|
|a 272:271.2
|2 2001
|
| 080 |
|
|
|a 282:281.94
|2 1997
|
| 080 |
|
|
|a 929 Chautur, Milan
|2 1997
|
| 100 |
1 |
|
|a Gradoš, Juraj,
|d 1974-
|4 ivr
|9 183841
|
| 245 |
1 |
0 |
|a O Bystrej, futbale a jubileu
|c Juraj Gradoš, Milan Chautur
|
| 600 |
1 |
7 |
|a Chautur, Milan,
|d 1957-
|2 snkbucl
|9 106641
|
| 610 |
2 |
7 |
|a Gréckokatolícka cirkev
|2 snkbucl
|9 32576
|
| 700 |
1 |
|
|a Chautur, Milan,
|d 1957-
|4 ive
|9 106641
|
| 773 |
0 |
|
|t Slovo : časopis gréckokatolíckej cirkvi
|g Roč. 39, č. 19-20 (2007), s. 16-17
|x 1335-7492
|
| 850 |
|
|
|a Slovenská národná knižnica
|
| 852 |
|
|
|a Slovenská národná knižnica
|
| 954 |
|
|
|a odborná, vedecká literatúra pôvodná (slovenská)
|2 lita
|
| 958 |
|
|
|a article17
|
| 958 |
|
|
|a OND
|
| 958 |
|
|
|a BX
|
| 958 |
|
|
|a NT
|
| 958 |
|
|
|a SK
|
| 958 |
|
|
|a EUIPO
|
| 999 |
|
|
|c 2942950
|d 2944880
|